Normal view MARC view

Entry Personal Name

Number of records used in: 2

001 - CONTROL NUMBER

  • control field: 46152

003 - CONTROL NUMBER IDENTIFIER

  • control field: dpl

005 - DATE AND TIME OF LATEST TRANSACTION

  • control field: 20120501153515.0

008 - FIXED-LENGTH DATA ELEMENTS

  • fixed length control field: 120501|||a|||||| | ||| d

040 ## - CATALOGING SOURCE

  • Original cataloging agency: dpl
  • Transcribing agency: dpl

100 ## - HEADING--PERSONAL NAME

  • Personal name: Vijapur, Abdulrahim P.

670 ## - SOURCE DATA FOUND

  • Source citation: Work cat.: (dpl): Perspectives on Human rights /, 1999

670 ## - SOURCE DATA FOUND

  • Source citation: Work cat.: (dpl): Perspectives on Human rights /, 1999

© Delhi Public Library
Hit Counter
free hit counter